| LEADER | 01573nam a2200265 i 4500 | ||
|---|---|---|---|
| 003 | GR-PaULI | ||
| 005 | 20240801102513.0 | ||
| 008 | 191007r19971932gr ||||g |||| 00| 0 gre d | ||
| 952 | |0 0 |1 0 |2 ddc |4 0 |6 750_100000000000000_TAG |7 0 |9 235879 |a THST |b THST |d 2019-10-07 |i 000111 |l 0 |o 750.1 TAG |p 025000264428 |r 2019-10-07 00:00:00 |t 1 |v 2019.00 |w 2019-10-07 |y BK15 | ||
| 952 | |0 0 |1 0 |2 ddc |4 0 |6 750_100000000000000_TAG |7 0 |9 382812 |a LISP |b LISP |c DON |d 2024-08-06 |e ΜΑΡ |i 367754 |l 0 |o 750.1 TAG |p 025000312536 |r 2024-08-06 00:00:00 |t 2 |w 2024-08-06 |y BKN | ||
| 999 | |c 142860 |d 142860 | ||
| 020 | |a 9603280640 | ||
| 040 | |a GR-PaULI |b gre |c GR-PaULI |e AACR2 | ||
| 041 | 1 | |a gre |h eng | |
| 082 | 0 | 4 | |2 1 |a 750.1 |
| 100 | 1 | |9 178190 |a Tagore, Abanindranath Nath, |d 1871-1951. |e συγγραφέας | |
| 245 | 1 | 0 | |a Σάνταγκα ή οι έξη κανόνες της ζωγραφικής : |b ερμηνεία του Αμπανιντρα-Ναθ Ταγκορ από τον σανσκριτικό κώδικα της τέχνης / |c μετάφραση Τζούλιο Καΐμη ; πρόλογος Χρόνης Μπότσογλου ; επίμετρο - επιμέλεια Μισές Φάις. |
| 260 | |a Αθήνα : |b Ακρίτας, |c 1990. | ||
| 300 | |a 90 σ. ; |c 19 εκ. | ||
| 650 | 4 | |9 133646 |a Ζωγραφική |x Φιλοσοφία | |
| 700 | 1 | 4 | |a Καΐμη, Τζούλιο, |d 1897-1982 |e μεταφραστής |9 147415 |
| 700 | 1 | 4 | |a Φάις, Μισέλ, |d 1957- |9 5 |
| 700 | 1 | 4 | |a Μπότσογλου, Χρόνης, |d 1941-2022 |e συγγραφέας πρόλογου |9 55347 |
| 942 | |2 ddc |c BK15 | ||
| 998 | |c ΜΑΝΙΑ |d 2019-10 | ||